| 000 | 00549cam a2200193 4500 | ||
|---|---|---|---|
| 001 | D2620 | ||
| 008 | 090401t1973 xxu||||| |||| 00| 0 eng d | ||
| 035 | _a(Sirsi) u69956 | ||
| 041 | _aeng | ||
| 050 | _a333.00601 | ||
| 110 |
_aCommonwealth Association of Surveying and Land Economy _92570 |
||
| 245 | _aSecond General Assembly: Wellington, New Zealand, 19-24 March 1973. Report of proceedings | ||
| 260 |
_aLondon _bCASLE _c1973 |
||
| 300 | _a19p. 30cm | ||
| 350 | _a0 | ||
| 520 | _aShelved at F333.00601 | ||
| 942 | _n0 | ||
| 948 | _c04/03/1997 | ||
| 999 |
_c95258 _d95258 |
||